ბათუმის შოთა რუსთაველის სახელმწიფო უნივერსიტეტის ბიბლიოთეკა

ქართული ნუმიზმატიკა ნ. 1 : (ბიბ.ჩანაწერი № 38651)

000 -ლიდერი
ფიქსირებული სიგრძის საკონტროლო ველი 01044nam a2200241Ia 4500
001 - საკონტროლო ნომერი
საკონტროლო ველი 4873
003 - საკონტროლო ნომრის იდენტიფიკატორი
საკონტროლო ველი GE_BSU
005 - ბოლო ოპერაციის თარიღი და დრო
საკონტროლო ველი 20190809150252.0
008 - ფიქსირებული სიგრძის მონაცემთა ელემენტები - ზოგადი ინფორმაცია
ფიქსირებული სიგრძის საკონტროლო ველი 181216s2006||||ge |||||||||||||| ||geo||
020 ## - წიგნის საერთაშორისო სტანდარტული ნომერი
International Standard Book Number 9994011162
040 ## - კატალოგიზაციის წყარო
Transcribing agency GE_BSU
041 ## - ენის კოდი
Language code of text/sound track or separate title geo
080 ## - უნივერსალური ათობითი კლასიფიკაციის ინდექსი
Universal Decimal Classification number 737(479.22) + 737.11(100) დ-91
100 ## - მთავარი ჩანაწერი - პიროვნების სახელი
Personal name დუნდუა, გიორგი
9 (RLIN) 3482
245 ## - ცნობა სათაურის შესახებ
Title ქართული ნუმიზმატიკა ნ. 1 :
Remainder of title სახელმძღვანელო /
Statement of responsibility, etc გიორგი დუნდუა, თედო დუნდუა ; რედ. ნიკო ჯავახიშვილი.
264 ## - წარმოების, გამოცემის, დისტრიბუციის და სხვა ცნობები
გამოცემის, წარმოების, დისტრიბუციის... ადგილი თბილისი :
გამოცემის, წარმოების, დისტრიბუციის... სახელწოდება არტანუჯი ;
გამოცემის, წარმოების, დისტრიბუციის... თარიღი 2006.
300 ## - ფიზიკური აღწერა
Extent 311 გვ. :
Other physical details ილ. ;
Dimensions 28 სმ.
653 ## - INDEX TERM--UNCONTROLLED
Uncontrolled term ქართული ნუმიზმატიკა
700 ## - ADDED ENTRY--PERSONAL NAME
Personal name დუნდუა, თედო
Relator term ავტორი
9 (RLIN) 3483
700 ## - ADDED ENTRY--PERSONAL NAME
Personal name ჯავახიშვილი, ნიკო
Relator term რედაქტორი
9 (RLIN) 3484
942 ## - ADDED ENTRY ELEMENTS (KOHA)
Koha item type წიგნი
Source of classification or shelving scheme
ეგზემპლარები
ჩამოწერის სტატუსი დაკარგული ეგზემპლარის სტატუსი კლასიფიკაციის წყარო ან თაროზე გაწყობის სქემა დაზიანების სტატუსი არ გაიცემა მუდმივი მდებარეობა (დაცვის ადგილი) ამჟამინდელი ადგილსამყოფელი თაროზე განთავსების ადგილი შეძენის თარიღი ღირებულება, შესყიდვის ნორმალური ფასი სრული შენახვის შიფრი შტრიხკოდი ბოლო ოპერაციის თარიღი ეგზემპლარის მიმდევრობითი ნომერი (კეტერი?) ფასის ძალაში შესვლის თარიღი ეგზემპლარის სახეობა საჯარო შენიშვნა Uniform Resource Identifier
          ბათუმის შოთა რუსთაველის სახელმწიფო უნივერსიტეტის მთავარი ბიბლიოთეკა ბათუმის შოთა რუსთაველის სახელმწიფო უნივერსიტეტის მთავარი ბიბლიოთეკა წიგნსაცავი 2018-12-17 28.50 737(479.22) + 737.11(100) დ-91 13283 2018-12-17 13283 2018-12-17 წიგნი 28.50 ლ.  
          ბათუმის შოთა რუსთაველის სახელმწიფო უნივერსიტეტის მთავარი ბიბლიოთეკა ბათუმის შოთა რუსთაველის სახელმწიფო უნივერსიტეტის მთავარი ბიბლიოთეკა წიგნსაცავი 2018-12-17 28.50 737(479.22) + 737.11(100) დ-91 13284 2018-12-17 13284 2018-12-17 წიგნი 28.50 ლ.  
          ბათუმის შოთა რუსთაველის სახელმწიფო უნივერსიტეტის მთავარი ბიბლიოთეკა ბათუმის შოთა რუსთაველის სახელმწიფო უნივერსიტეტის მთავარი ბიბლიოთეკა წიგნსაცავი 2018-12-17 28.50 737(479.22) + 737.11(100) დ-91 13285 2018-12-17 13285 2018-12-17 წიგნი 28.50 ლ.  
          ბათუმის შოთა რუსთაველის სახელმწიფო უნივერსიტეტის მთავარი ბიბლიოთეკა ბათუმის შოთა რუსთაველის სახელმწიფო უნივერსიტეტის მთავარი ბიბლიოთეკა წიგნსაცავი 2023-05-24 20.00 737(479.22) + 737.11(100) დ-91 64460 2023-05-24 64460 2023-05-24 წიგნი 20.00 ბსუ-ს საპატიო დოქტორის გურამ ლორთქიფანიძის საჩუქარი